Important 20th Century Politics - Statistics

General Stats
  • This quiz has been taken 61 times
  • The average score is 36 of 50
Answer Stats
Hint Answer % Correct
British Prime Minister throughout most of WWII Winston Churchill
100%
German Fuhrer Adolf Hitler
98%
Soviet Dictator Joseph Stalin
98%
Founder of the Soviet Union Vladimir Lenin
98%
American President John F Kennedy
96%
Communist Chinese Revolutionist and Dictator Mao Zedong
96%
First female British Prime Minister Margaret Thatcher
96%
Cuban Dictator Fidel Castro
94%
American President Ronald Reagan
94%
Italian Duce Benito Mussolini
92%
American President Franklin D Roosevelt
92%
American President George H.W Bush
92%
American President Jimmy Carter
92%
Final Soviet Leader Mikhail Gorbachev
92%
American President Bill Clinton
90%
American Civil Rights Activist Martin Luther King Jr
90%
American President Richard Nixon
90%
American President Theodore Roosevelt
90%
Cuban Revolutionary Che Guevara
88%
American President Harry Truman
88%
Founder of North Korea Kim Il-Sung
88%
Spanish Dictator Francisco Franco
85%
American President Lyndon B Johnson
83%
American President Dwight D Eisenhower
81%
Japanese Emperor during WWII Hirohito
81%
North Vietnam Dictator Ho Chi Minh
81%
Soviet Dictator Nikita Khrushchev
81%
Iraqi Dictator Saddam Hussein
81%
Free France Leader Charles De Gaulle
79%
Cambodian Dictator Pol Pot
79%
American President Woodrow Wilson
77%
First President of Russian Federation Boris Yeltsin
75%
Libyan Dictator Muammar Gaddafi
75%
Yugoslavian Dictator Josip Broz Tito
73%
Soviet Dictator Leonid Brezhnev
71%
German Monarch during WWI Wilhelm II
67%
Ugandan Dictator rumored to be a cannibal Idi Amin
60%
Zimbabwe Dictator Robert Mugabe
56%
Iranian Revolutionist and Dictator Ruhollah Khomeini
52%
Republic of China Dictator Chiang Kai-Shek
42%
Japanese Prime Minister during WWII Hideki Tojo
42%
Indonesian Dictator Suharto
40%
Haitian Dictator Francois Duvalier
35%
Albanian Dictator Enver Hoxha
27%
Zaire Dictator Mobutu Sese Seko
27%
American Muslim Rights Activist Malcom X
25%
Romanian Dictator Nicolae Ceausescu
21%
Russian Monarch who was executed after WWI Nicolas II
17%
Austria-Hungarian Emperor throughout most of WWI Franz Joseph I
13%
Syrian Dictator who’s son is currently in office Hafez al-Assad
10%
No matching quizzes found
Score Distribution
Percent of People with Each Score
Percentile by Number Answered
Your Score History
You have not taken this quiz